| 000 | 00834nam a22002175i 4500 | ||
|---|---|---|---|
| 001 | 156163 | ||
| 003 | ES-MaACL | ||
| 005 | 20250824053617.0 | ||
| 008 | 000203s1881 sp |||| | spa d | ||
| 040 |
_aCAM _bspa _cCAM |
||
| 100 | 1 |
_aJackson Veyán, José. _965824 |
|
| 245 | 1 | 0 |
_a¡Bonito negocio¡ _b: pasillo cómico en un acto y en prosa / _coriginal de José Jackson Veyan. |
| 260 |
_aMadrid : _bEnrique Arregui editor, _c1881. |
||
| 300 |
_a23 p. ; _c20 cm. |
||
| 490 | 1 | _aBiblioteca lírico-dramática | |
| 500 | 1 | _aEstrenado en el teatro Martin el día 8 de octubre de 1881. | |
| 598 | 1 | _aMención de serie tomada de la cub. | |
| 830 | 0 | 0 |
_aBiblioteca lírico-dramática _9188055 |
| 852 |
_aES-MaACL _jF-4091(3) _z-- Enc. hol. _q-- Falto de la cub. original _z-- Enc. en un vol. facticio |
||
| 999 |
_c156163 _d156163 |
||